LDR 00915naa#a2200205#i#450# 001 EN\\bibl\126708 005 20260630054640.2 011 ## _a2223-9987 100 ## _a20260629b2026####ek#y0engy0150####ca 102 ## _aRU 200 1# _aReduction of Transportation Costs for Delivering of Welded Rail Segments by Intermediate Storages _eJournal article 210 1# _aSaint-Petersburg _cFSBEI HE "Emperor Alexander I St. Petersburg State Transport University" _d2026 215 ## _a14 с. 608 ## _aJournal article _2local 675 ## _aРаботы по укладке пути. Разбивка трассы. Пикетаж. Балластировка. Гнутье рельсов. Подбивка шпал и т.д.. 625.144.4 _z 700 #1 _aPakulina _gElena Vyacheslavovna 700 #1 _aMigrov _gAleksandr Alekseevich 700 #1 _aPerepechenov _gAleksandr Markovich 700 #1 _aNovosel'skiy _gIgor' Yur'evich 856 4# _aatjournal.ru _u